| 000 | 00419nam a22001457a 4500 | ||
|---|---|---|---|
| 020 | _a9781580531108 | ||
| 040 | _cNust | ||
| 082 |
_a621.3848 _bKOM |
||
| 100 |
_aIgov V Komarov _9125152 |
||
| 110 |
_aSergey M. Smolskiy _9124879 |
||
| 245 | _aFundamentals of Short -Range FM Radar | ||
| 260 |
_aBoston: _bArtech house publishers, _c2003. |
||
| 650 |
_aFundamentals of Short -Range FM Radar _9124880 |
||
| 942 |
_2ddc _cBK |
||
| 999 |
_c610940 _d610940 |
||